Top 30 : Tame Impala - Statistiques

Statistiques générales
  • Ce quiz a été pris 66 fois
  • Le résultat moyen est 9 sur 30
Statistiques - réponses
Top Titres Featuring % Correct
3 Let It Happen
88%
1 The Less I Know The Better
88%
2 Borderline
84%
21 Neverender Justice
66%
4 New Person, Same Old Mistakes
62%
6 Eventually
56%
7 Elephant
46%
10 Nangs
40%
11 New Gold Gorillaz, Bootie Brown
34%
28 New Gold Gorillaz, Dom Dolla, Bootie Brown
34%
9 One More Hour
34%
5 Feels Like We Only Go Backwards
30%
18 'Cause I'm A Man
28%
14 The Moment
28%
8 Yes I'm Changing
26%
19 Love/Paranoia
20%
23 Posthumous Forgiveness
20%
16 Disciples
14%
12 Is It True
14%
13 Lost In Yesterday
14%
22 Mind Mischief
12%
26 Reality In Motion
12%
30 Apocalypse Dreams
10%
17 Breathe Deeper
10%
25 Past Life
10%
20 Patience
8%
29 Solitude Is Bliss
8%
24 It Might Be Time
4%
27 My Life ZHU
4%
15 waves - Remix Miguel
4%
Aucun quiz correspondant
Distribution des résultats
% des personnes avec chaque résultat
Percentile par nombre de réponses
Votre historique - résultats
Vous n’avez pas pris ce quiz